David tarjeta Culture générale - Statistiques

Statistiques générales
  • Ce quiz a été pris 14 fois
  • Le résultat moyen est 9 sur 13
Statistiques - réponses
Question Réponse % Correct
Quel acte indigne a ete COUPABLE Sergio le compair de DAVID TARJETA? pratiquer le coit avec ISABEL
90%
Qui est vraiment le DAVID TARJETA? Un nerd
90%
Qui est le meilleur ami du DAVID TARJETA? Alejandro
80%
Quel est le GPA du DAVID TARJETA? Aucune idée
80%
Quel est le surnom de DAVID TARJETA dans la classe? DAVID TARJETA
80%
Quelle est l'activité préférée du DAVID TARJETA? Dissoudre des groupes
80%
Quel age a DAVID TARJETA? 19 ans
70%
De quelle couleur sont les fameuses lunettes du DAVID TARJETA? orange
70%
Quel est le vrai nom du DAVID TARJETA? David tereja golpe
60%
A quel invention DAVID TARJETA doit t'il son nom? La carte bancaire
60%
A quoi servent les lunettes de DAVID TARJETA? Voir plusieurs ecrans en VR
60%
Où habite le DAVID TARJETA? A salamanca
50%
Où est assis le DAVID TARJETA Dans le fond a droite
40%
Aucun quiz correspondant
Distribution des résultats
% des personnes avec chaque résultat
Percentile par nombre de réponses
Votre historique - résultats
Vous n’avez pas pris ce quiz